[Event "Aligarh Pavna op"]
[Site "Aligarh"]
[Date "2016.05.20"]
[Round "7"]
[White "Sushant, Manuja"]
[Black "Rajesh, Kumar Sharma"]
[Result "1/2-1/2"]
[WhiteElo "1791"]
[BlackElo "1768"]
[PlyCount "36"]
[EventDate "2016.05.17"]
[EventType "swiss"]
[EventRounds "9"]
[EventCountry "IND"]
[SourceTitle "CBM 172 Extra"]
[Source "ChessBase"]
[SourceDate "2016.06.21"]
[SourceVersion "1"]
[SourceVersionDate "2016.06.21"]
[SourceQuality "1"]

1. e4 e6 2. d4 d5 3. Nc3 Nf6 4. Bg5 Be7 5. e5 Nfd7 6. Bxe7 Qxe7 7. f4 a6 8. Nf3 c5 9. Qd2 Nc6 10. dxc5 Qxc5 11. 0-0-0 b5 12. Nd4 Bb7 13. Nxc6 Bxc6 14. Qd4 Qxd4 15. Rxd4 Nc5 16. g3 Ke7 17. Bg2 Rhc8 18. Ne2 Rc7 1/2-1/2

[Event "New Delhi Parsvnath op 4th"]
[Site "New Delhi"]
[Date "2006.01.15"]
[Round "1"]
[White "Sachdev, Tania"]
[Black "Rajesh, Kumar Sharma"]
[Result "1-0"]
[WhiteElo "2375"]
[BlackElo "1935"]
[PlyCount "53"]
[EventDate "2006.01.15"]
[EventType "swiss"]
[EventRounds "10"]
[EventCountry "IND"]
[SourceTitle "CBM 110 Extra"]
[Source "ChessBase"]
[SourceDate "2006.03.10"]
[SourceVersion "2"]
[SourceVersionDate "2006.03.10"]
[SourceQuality "1"]

1. d4 Nf6 2. c4 e6 3. Nf3 Be7 4. Nc3 d6 5. e4 Nbd7 6. Be2 0-0 7. 0-0 h6 8. e5 dxe5 9. dxe5 Ng4 10. Bf4 g5 11. Bg3 h5 12. h3 Nh6 13. Qc1 Kg7 14. Ne4 Kg6 15. Nexg5 Bxg5 16. Nxg5 Qxg5 17. Bf4 Qf5 18. Qe3 Rh8 19. Bd3 Nb6 20. Qg3+ Kh7 21. Bxf5+ Nxf5 22. Qg5 Bd7 23. Qxh5+ Kg7 24. Qg4+ Kf8 25. Be3 Nxe3 26. fxe3 Bc6 27. Qg6 1-0